Statistics for Words that End in "-eaky"

Click here to take the quiz!

General Stats

  • This quiz has been taken 156 times
  • The average score is 6 of 8

Answer Stats

Answer% Correct
Leaky
91%
Peaky
79%
Creaky
76%
Beaky
75%
Freaky
75%
Sneaky
75%
Squeaky
69%
Streaky
40%

Score Distribution

Percentile by Number Answered

Percent of People with Each Score

Your Score History

You have not taken this quiz